| 000 | 00753nam a2200265Ia 4500 | ||
|---|---|---|---|
| 003 | OSt | ||
| 005 | 20220918170115.0 | ||
| 006 | a|||||r|||| 00| 0 | ||
| 007 | ta | ||
| 008 | 220917b |||||||| |||| 00| 0 eng d | ||
| 020 | _a836900286 | ||
| 024 | _a30,323 | ||
| 037 | _cTextual | ||
| 040 |
_aARTS _cARTS _beng |
||
| 041 |
_2eng _aeng |
||
| 082 | _aO111,3M45:g, K9.4 | ||
| 100 |
_aSaintsbury George _927057 |
||
| 245 | 0 | _aCollected essays and papers 1875-1923 | |
| 260 |
_aNew York _bBook For Libraries USA _c1969 |
||
| 490 | _aEssay index reprint series | ||
| 500 | _aOriganally published in 1924 | ||
| 650 | _aENGLISH LITERATURE | ||
| 942 |
_hO111,3M45:g, K9.4 _cTEXL _2CC |
||
| 999 |
_c132591 _d132591 |
||